[Event "Agen 2017 - Open B"]
[Site "?"]
[Date "2017.08.25"]
[Round "7.3"]
[White "Kozlowski, Thierry"]
[Black "Chosson, Julien"]
[Result "1/2-1/2"]
[LiveChessVersion "1.4.8"]
[BlackElo "1954"]
[WhiteElo "1976"]

1. Nf3 {[%clk 1:29:46]} Nf6 {[%clk 1:30:47]} 2. c4 {[%clk 1:29:45]} c5
{[%clk 1:31:07]} 3. g3 {[%clk 1:29:55]} d5 {[%clk 1:30:55]} 4. cxd5
{[%clk 1:29:42]} Nxd5 {[%clk 1:31:13]} 5. b3 {[%clk 1:21:35]} Nc6
{[%clk 1:28:21]} 6. Bb2 {[%clk 1:21:56]} f6 {[%clk 1:21:20]} 7. Bg2
{[%clk 1:14:51]} e5 {[%clk 1:20:56]} 8. O-O {[%clk 1:11:23]} Be7 {[%clk 1:18:51]}
9. Ne1 {[%clk 1:06:01]} O-O {[%clk 1:15:13]} 10. d3 {[%clk 1:00:28]} Be6
{[%clk 1:11:32]} 11. Nc3 {[%clk 0:49:09]} Qd7 {[%clk 1:08:31]} 12. Nc2
{[%clk 0:46:00]} Nd4 {[%clk 1:03:33]} 13. Ne3 {[%clk 0:40:51]} Nxe3
{[%clk 0:56:19]} 14. fxe3 {[%clk 0:41:14]} Nb5 {[%clk 0:52:46]} 15. Na4
{[%clk 0:36:10]} Rac8 {[%clk 0:51:22]} 16. Rc1 {[%clk 0:36:31]} Rfd8
{[%clk 0:48:19]} 17. Qc2 {[%clk 0:34:39]} Bd5 {[%clk 0:45:44]} 18. Bxd5+
{[%clk 0:33:17]} Qxd5 {[%clk 0:46:06]} 19. Qc4 {[%clk 0:31:52]} Qxc4
{[%clk 0:45:25]} 20. bxc4 {[%clk 0:27:33]} Nd6 {[%clk 0:43:34]} 21. Ba3
{[%clk 0:22:57]} b6 {[%clk 0:43:13]} 22. e4 {[%clk 0:22:43]} Ne8 {[%clk 0:38:12]}
23. Nc3 {[%clk 0:16:45]} Bf8 {[%clk 0:38:01]} 24. Rb1 {[%clk 0:12:55]} Nc7
{[%clk 0:35:35]} 25. Bc1 {[%clk 0:11:16]} Rb8 {[%clk 0:31:43]} 26. a4
{[%clk 0:11:31]} a5 {[%clk 0:27:56]} 27. Nd5 {[%clk 0:09:54]} Nxd5
{[%clk 0:26:59]} 28. exd5 {[%clk 0:09:49]} Kf7 {[%clk 0:23:38]} 29. e4
{[%clk 0:09:30]} h5 {[%clk 0:21:16]} 30. Rf2 {[%clk 0:09:13]} Bd6
{[%clk 0:20:16]} 31. h3 {[%clk 0:08:58]} Ke7 {[%clk 0:18:36]} 32. h4
{[%clk 0:07:54]} Rf8 {[%clk 0:13:26]} 33. Kg2 {[%clk 0:07:06]} Rf7
{[%clk 0:11:01]} 34. Be3 {[%clk 0:06:10]} Bc7 {[%clk 0:10:07]} 35. Rbf1
{[%clk 0:06:20]} Rbf8 {[%clk 0:07:09]} 36. Kh3 {[%clk 0:05:32]} Bd8
{[%clk 0:05:44]} 37. g4 {[%clk 0:05:33]} hxg4+ {[%clk 0:05:41]} 38. Kxg4
{[%clk 0:05:58]} g6 {[%clk 0:03:49]} 39. Bh6 {[%clk 0:01:43]} Rh8
{[%clk 0:02:42]} 40. Bg5 {[%clk 0:32:01]} Ke8 {[%clk 0:30:53]} 41. Bxf6
{[%clk 0:20:13]} Rhf8 {[%clk 0:24:01]} 42. Kg5 {[%clk 0:16:07]} Be7
{[%clk 0:20:23]} 43. Rf3 {[%clk 0:10:45]} Bd8 {[%clk 0:18:28]} 44. Kxg6
{[%clk 0:03:59]} Rg8+ {[%clk 0:17:32]} 45. Kh6 {[%clk 0:04:25]} Rgf8
{[%clk 0:17:27]} 46. Bxd8 {[%clk 0:04:00]} Rxf3 {[%clk 0:17:22]} 47. Rxf3
{[%clk 0:04:26]} Rxf3 {[%clk 0:16:16]} 48. Bxb6 {[%clk 0:04:53]} Rf6+
{[%clk 0:15:21]} 49. Kg7 {[%clk 0:04:58]} Rxb6 {[%clk 0:15:04]} 50. h5
{[%clk 0:05:24]} Ke7 {[%clk 0:08:15]} 51. h6 {[%clk 0:05:14]} Rb1
{[%clk 0:07:44]} 52. d6+ {[%clk 0:02:27]} Kxd6 53. h7 Rb7+ {[%clk 0:00:35]} 54.
Kg6 {[%clk 0:02:13]} Rb8 {[%clk 0:00:53]} 55. Kg7 {[%clk 0:02:15]} Rb7+
{[%clk 0:00:54]} 56. Kg6 {[%clk 0:01:32]} Rb8 {[%clk 0:01:11]} 57. Kg7
{[%clk 0:01:46]} 1/2-1/2

[Event "Agen 2017 - Open B"]
[Site "?"]
[Date "2017.08.25"]
[Round "7.4"]
[White "Le Brech, Cyril"]
[Black "Fournier, Loic"]
[Result "1/2-1/2"]
[LiveChessVersion "1.4.8"]
[BlackElo "1893"]
[WhiteElo "1943"]

1. e4 {[%clk 1:30:57]} e6 {[%clk 1:30:53]} 2. d4 {[%clk 1:31:12]} d5
{[%clk 1:31:18]} 3. Nd2 {[%clk 1:31:33]} Nf6 {[%clk 1:31:23]} 4. e5
{[%clk 1:31:55]} Nfd7 {[%clk 1:31:49]} 5. Bd3 {[%clk 1:31:43]} c5
{[%clk 1:32:10]} 6. c3 {[%clk 1:32:07]} Nc6 {[%clk 1:32:34]} 7. Ne2
{[%clk 1:31:42]} cxd4 {[%clk 1:32:53]} 8. cxd4 {[%clk 1:32:04]} f6
{[%clk 1:33:20]} 9. exf6 {[%clk 1:26:05]} Nxf6 {[%clk 1:28:42]} 10. O-O
{[%clk 1:25:17]} Bd6 {[%clk 1:29:01]} 11. Nf3 {[%clk 1:25:09]} O-O
{[%clk 1:29:22]} 12. Bg5 {[%clk 1:24:56]} Qe8 {[%clk 1:28:08]} 13. Bxf6
{[%clk 1:18:11]} Rxf6 {[%clk 1:25:58]} 14. Ng3 {[%clk 1:17:34]} Bd7 15. Re1
{[%clk 1:16:13]} Qf8 {[%clk 1:18:17]} 16. Rc1 {[%clk 1:05:42]} Kh8
{[%clk 1:04:39]} 17. Bb1 {[%clk 0:58:50]} Re8 {[%clk 0:54:54]} 18. a3
{[%clk 0:46:12]} Na5 {[%clk 0:46:57]} 19. Ne5 {[%clk 0:35:42]} Re7
{[%clk 0:35:57]} 20. Re3 {[%clk 0:24:52]} Bxe5 {[%clk 0:29:19]} 21. dxe5
{[%clk 0:24:21]} Rxf2 {[%clk 0:24:12]} 22. Qe1 {[%clk 0:17:09]} d4
{[%clk 0:10:53]} 23. Qxf2 {[%clk 0:12:11]} Qxf2+ {[%clk 0:11:14]} 24. Kxf2
{[%clk 0:12:36]} dxe3+ {[%clk 0:11:33]} 25. Kxe3 {[%clk 0:13:00]} Nc6
{[%clk 0:09:03]} 26. Ke4 {[%clk 0:07:10]} Be8 {[%clk 0:08:05]} 27. Rf1
{[%clk 0:07:29]} Kg8 {[%clk 0:06:58]} 28. Kf4 {[%clk 0:04:58]} Rf7+
{[%clk 0:07:04]} 29. Ke3 {[%clk 0:03:14]} Rxf1 {[%clk 0:06:39]} 30. Nxf1
{[%clk 0:03:39]} Nxe5 {[%clk 0:06:55]} 31. Ba2 {[%clk 0:03:41]} Kf7
{[%clk 0:06:42]} 32. Kd4 {[%clk 0:03:51]} Ng6 {[%clk 0:06:14]} 33. Nd2
{[%clk 0:03:58]} Bc6 {[%clk 0:05:55]} 34. g3 {[%clk 0:04:23]} Kf6
{[%clk 0:05:38]} 35. Bb1 {[%clk 0:03:49]} Kg5 {[%clk 0:02:37]} 36. Nc4
{[%clk 0:02:05]} Bg2 {[%clk 0:01:23]} 37. Ne3 {[%clk 0:01:21]} Bc6
{[%clk 0:00:57]} 38. h4+ {[%clk 0:01:10]} Kf6 {[%clk 0:00:55]} 39. Ng4+
{[%clk 0:00:50]} Kf7 {[%clk 0:00:48]} 40. h5 {[%clk 0:30:56]} Ne7 41. Bxh7
{[%clk 0:27:24]} Ba4 {[%clk 0:30:41]} 42. Be4 {[%clk 0:23:55]} b6
{[%clk 0:26:53]} 43. Ne3 {[%clk 0:22:24]} Kf6 {[%clk 0:25:15]} 44. g4
{[%clk 0:19:15]} e5+ {[%clk 0:22:59]} 45. Kd3 {[%clk 0:17:09]} Kg5
{[%clk 0:21:32]} 46. Bf3 {[%clk 0:15:18]} Kf4 {[%clk 0:21:25]} 47. Ke2
{[%clk 0:14:33]} e4 {[%clk 0:20:04]} 48. Bg2 {[%clk 0:09:51]} Bb3
{[%clk 0:18:14]} 49. Kf2 {[%clk 0:08:56]} Bf7 {[%clk 0:10:33]} 50. Bh3
{[%clk 0:08:24]} Be6 {[%clk 0:06:12]} 51. Ng2+ {[%clk 0:04:54]} Ke5
{[%clk 0:05:59]} 52. Ne3 {[%clk 0:04:52]} Ng8 {[%clk 0:04:01]} 53. Kg3
{[%clk 0:04:16]} Kd4 {[%clk 0:02:45]} 54. Kf4 {[%clk 0:04:27]} Nf6
{[%clk 0:03:03]} 55. Bf1 {[%clk 0:04:08]} a5 {[%clk 0:00:37]} 56. Bb5
{[%clk 0:04:07]} Bd7 {[%clk 0:00:34]} 57. Nc2+ {[%clk 0:01:24]} Kd5
{[%clk 0:00:48]} 58. Bxd7 {[%clk 0:00:45]} Nxd7 {[%clk 0:01:15]} 59. g5
{[%clk 0:01:10]} Nf8 {[%clk 0:00:57]} 60. h6 {[%clk 0:00:38]} g6 {[%clk 0:01:08]}
61. Ne3+ {[%clk 0:00:41]} Kd4 {[%clk 0:01:22]} 62. Nf1 {[%clk 0:00:33]} Kd3
{[%clk 0:01:34]} 63. Ne3 {[%clk 0:00:38]} Nh7 {[%clk 0:00:47]} 64. Ng4
{[%clk 0:00:51]} Nf8 {[%clk 0:00:54]} 65. Nf2+ {[%clk 0:01:11]} Kc2
{[%clk 0:01:11]} 66. b4 {[%clk 0:00:47]} Ne6+ {[%clk 0:01:08]} 67. Kg4
{[%clk 0:00:41]} e3 {[%clk 0:01:25]} 68. h7 {[%clk 0:01:02]} exf2
{[%clk 0:01:46]} 69. h8=Q {[%clk 0:01:11]} f1=Q {[%clk 0:02:11]} 70. Qc8+
{[%clk 0:01:27]} Kb2 {[%clk 0:02:26]} 71. Qxe6 {[%clk 0:01:23]} Qg2+
{[%clk 0:01:37]} 72. Kf4 {[%clk 0:01:12]} Qf2+ {[%clk 0:01:30]} 73. Ke5
{[%clk 0:00:46]} Qe3+ {[%clk 0:01:15]} 74. Kf6 {[%clk 0:01:11]} Qxe6+
{[%clk 0:01:36]} 75. Kxe6 {[%clk 0:01:36]} a4 {[%clk 0:01:37]} 76. Kf6
{[%clk 0:01:37]} Kxa3 {[%clk 0:02:03]} 77. Kxg6 {[%clk 0:00:44]} Kxb4
{[%clk 0:02:29]} 78. Kf5 {[%clk 0:00:48]} a3 {[%clk 0:02:49]} 79. g6
{[%clk 0:00:58]} a2 {[%clk 0:03:15]} 80. g7 {[%clk 0:01:19]} a1=Q
{[%clk 0:03:35]} 81. g8=Q {[%clk 0:01:41]} Qf1+ {[%clk 0:03:36]} 82. Ke5
{[%clk 0:01:21]} Qc4 {[%clk 0:02:57]} 83. Qg2 {[%clk 0:01:17]} Qc5+
{[%clk 0:02:09]} 84. Ke6 {[%clk 0:01:05]} Qe3+ {[%clk 0:01:59]} 85. Kd6
{[%clk 0:00:50]} Qd4+ {[%clk 0:02:10]} 86. Kc6 {[%clk 0:00:49]} b5
{[%clk 0:02:28]} 87. Qg5 {[%clk 0:00:37]} Qc4+ {[%clk 0:02:08]} 88. Kb6
{[%clk 0:00:32]} Qe6+ {[%clk 0:02:16]} 89. Kb7 {[%clk 0:00:40]} Ka4
{[%clk 0:01:57]} 90. Qc1 {[%clk 0:00:36]} b4 {[%clk 0:01:50]} 91. Qa1+
{[%clk 0:00:33]} Kb5 {[%clk 0:02:11]} 92. Qf1+ {[%clk 0:00:55]} Qc4
{[%clk 0:02:22]} 93. Qf5+ {[%clk 0:00:37]} Ka4 {[%clk 0:02:40]} 94. Qb1
{[%clk 0:00:38]} Qc3 {[%clk 0:02:44]} 95. Kb6 {[%clk 0:00:51]} b3
{[%clk 0:02:58]} 96. Qd1 {[%clk 0:00:33]} Ka3 {[%clk 0:03:02]} 97. Kb5
{[%clk 0:00:44]} Qb4+ {[%clk 0:02:40]} 98. Ka6 {[%clk 0:00:32]} Ka2
{[%clk 0:02:16]} 99. Qd5 {[%clk 0:00:43]} Qc3 {[%clk 0:01:32]} 100. Kb5
{[%clk 0:00:50]} Kb2 {[%clk 0:01:02]} 101. Ka4 {[%clk 0:01:06]} Qe3
{[%clk 0:00:57]} 102. Qc5 {[%clk 0:00:33]} Qe4+ {[%clk 0:01:05]} 103. Ka5
{[%clk 0:00:34]} Ka2 {[%clk 0:01:03]} 104. Qf2+ {[%clk 0:00:38]} b2
{[%clk 0:01:21]} 105. Kb5 {[%clk 0:00:38]} Qd3+ {[%clk 0:00:54]} 106. Kb4
{[%clk 0:00:58]} Qa3+ {[%clk 0:00:51]} 107. Kc4 {[%clk 0:01:17]} Qa6+
{[%clk 0:00:40]} 108. Kb4 {[%clk 0:01:24]} Ka1 {[%clk 0:00:46]} 109. Qd4
{[%clk 0:01:48]} Qb7+ {[%clk 0:00:53]} 110. Ka5 {[%clk 0:01:43]} Qb3
{[%clk 0:01:13]} 111. Qe5 {[%clk 0:01:33]} Qc4 {[%clk 0:01:04]} 112. Qf6
{[%clk 0:01:45]} Ka2 {[%clk 0:01:16]} 113. Qf2 {[%clk 0:02:12]} Kb3
{[%clk 0:01:05]} 114. Qb6+ {[%clk 0:02:13]} Ka3 {[%clk 0:00:55]} 115. Qe3+
{[%clk 0:02:02]} Ka2 {[%clk 0:00:52]} 116. Qf2 {[%clk 0:01:47]} Qc1
{[%clk 0:00:49]} 117. Kb4 {[%clk 0:01:56]} Kb1 {[%clk 0:00:53]} 118. Kb3
{[%clk 0:00:54]} Qd1+ {[%clk 0:00:57]} 119. Kc3 {[%clk 0:00:56]} Qc1+
{[%clk 0:01:06]} 120. Kb3 {[%clk 0:01:19]} Qd1+ {[%clk 0:00:49]} 121. Kc3 1/2-1/2

[Event "Agen 2017 - Open C"]
[Site "?"]
[Date "2017.08.25"]
[Round "7.1"]
[White "Lebreton, Tristan"]
[Black "Pobedonostzeff, Franck"]
[Result "1-0"]
[LiveChessVersion "1.4.8"]
[BlackElo "1743"]
[WhiteElo "1759"]

1. d4 {[%clk 1:30:44]} d6 {[%clk 1:30:43]} 2. c4 {[%clk 1:29:33]} f5
{[%clk 1:31:07]} 3. Nc3 {[%clk 1:29:35]} Nf6 {[%clk 1:31:32]} 4. g3
{[%clk 1:25:11]} g6 {[%clk 1:31:55]} 5. Nf3 {[%clk 1:25:19]} Bg7 {[%clk 1:32:20]}
6. Bg2 {[%clk 1:25:46]} O-O {[%clk 1:32:44]} 7. O-O {[%clk 1:26:14]} Nc6
{[%clk 1:33:07]} 8. Re1 {[%clk 1:23:26]} e5 {[%clk 1:33:28]} 9. e4
{[%clk 1:08:18]} Nxe4 {[%clk 1:26:58]} 10. Nxe4 {[%clk 0:52:46]} fxe4
{[%clk 1:24:23]} 11. Bg5 {[%clk 0:53:07]} Bf6 {[%clk 1:17:50]} 12. Bxf6
{[%clk 0:53:32]} Qxf6 {[%clk 1:18:13]} 13. dxe5 {[%clk 0:53:50]} Nxe5
{[%clk 1:17:34]} 14. Nxe5 {[%clk 0:54:01]} dxe5 {[%clk 0:59:32]} 15. Qc2
{[%clk 0:44:57]} e3 {[%clk 0:42:07]} 16. Rxe3 {[%clk 0:45:07]} Bf5
{[%clk 0:42:30]} 17. Be4 {[%clk 0:44:21]} Bh3 {[%clk 0:42:37]} 18. Bxb7
{[%clk 0:43:23]} Rab8 {[%clk 0:39:51]} 19. Bd5+ {[%clk 0:43:46]} Kg7
{[%clk 0:39:32]} 20. Rae1 {[%clk 0:41:00]} e4 {[%clk 0:38:47]} 21. b3
{[%clk 0:39:11]} Rbe8 {[%clk 0:37:35]} 22. Qc3 {[%clk 0:30:38]} Re5
{[%clk 0:37:50]} 23. Qb2 {[%clk 0:30:37]} c6 {[%clk 0:30:31]} 24. Bxe4
{[%clk 0:20:18]} Kh6 {[%clk 0:27:45]} 25. Qd2 {[%clk 0:20:23]} g5
{[%clk 0:26:47]} 26. Bg2 {[%clk 0:17:48]} Rxe3 {[%clk 0:25:24]} 27. Qxe3
{[%clk 0:17:40]} Bd7 {[%clk 0:25:00]} 28. h4 {[%clk 0:17:57]} Re8
{[%clk 0:24:32]} 29. Qxg5+ {[%clk 0:16:04]} Qxg5 {[%clk 0:18:37]} 30. hxg5+
{[%clk 0:16:11]} Kxg5 {[%clk 0:19:03]} 31. Rxe8 {[%clk 0:16:31]} Bxe8
{[%clk 0:19:32]} 32. b4 {[%clk 0:16:27]} Kf5 {[%clk 0:19:48]} 33. f4
{[%clk 0:16:38]} h5 {[%clk 0:20:07]} 34. Kf2 {[%clk 0:16:29]} h4 {[%clk 0:20:30]}
35. gxh4 {[%clk 0:14:08]} Kxf4 {[%clk 0:20:53]} 36. h5 {[%clk 0:12:11]} Kg5
{[%clk 0:21:06]} 37. Bf3 {[%clk 0:11:32]} Bf7 {[%clk 0:21:21]} 38. Be2
{[%clk 0:10:54]} Be6 {[%clk 0:17:50]} 39. Ke3 {[%clk 0:10:59]} 1-0

[Event "Agen 2017 - Open C"]
[Site "?"]
[Date "2017.08.25"]
[Round "7.2"]
[White "Robert, Yoann"]
[Black "Rihouey, Franck"]
[Result "0-1"]
[LiveChessVersion "1.4.8"]
[BlackElo "1781"]
[WhiteElo "1720"]

1. d4 {[%clk 1:30:43]} d5 {[%clk 1:30:55]} 2. Nf3 {[%clk 1:30:22]} Nf6
{[%clk 1:29:50]} 3. c4 {[%clk 1:29:35]} c6 {[%clk 1:25:43]} 4. e3
{[%clk 1:27:28]} e6 {[%clk 1:20:36]} 5. Nbd2 {[%clk 1:25:45]} Bd6
{[%clk 1:17:40]} 6. b3 {[%clk 1:21:43]} Nbd7 {[%clk 1:13:57]} 7. Bb2
{[%clk 1:20:36]} O-O {[%clk 1:10:13]} 8. Ne5 {[%clk 1:18:18]} dxc4
{[%clk 1:04:17]} 9. Ndxc4 {[%clk 1:17:06]} Bb4+ {[%clk 1:04:13]} 10. Ke2
{[%clk 1:15:04]} Nxe5 {[%clk 0:54:17]} 11. Nxe5 {[%clk 1:14:14]} Nd5
{[%clk 0:53:35]} 12. Qd3 {[%clk 1:10:42]} f6 {[%clk 0:49:54]} 13. Nf3
{[%clk 1:09:35]} e5 {[%clk 0:39:09]} 14. g3 {[%clk 1:05:57]} Bg4 {[%clk 0:34:09]}
15. e4 {[%clk 1:04:26]} f5 {[%clk 0:31:49]} 16. Bg2 {[%clk 1:00:35]} fxe4
{[%clk 0:27:55]} 17. Qxe4 {[%clk 1:00:52]} Nf6 {[%clk 0:26:44]} 18. Qc2
{[%clk 0:54:44]} e4 {[%clk 0:26:57]} 19. Kd1 {[%clk 0:52:19]} exf3
{[%clk 0:26:24]} 20. Bf1 {[%clk 0:52:39]} Qe7 {[%clk 0:23:03]} 21. Bc4+
{[%clk 0:52:16]} Nd5 {[%clk 0:22:57]} 22. a3 {[%clk 0:50:58]} Bd6
{[%clk 0:19:29]} 23. Re1 {[%clk 0:51:16]} Qf6 {[%clk 0:18:31]} 24. Qe4
{[%clk 0:50:17]} Qf5 {[%clk 0:16:28]} 25. Kd2 {[%clk 0:49:10]} Qg5+
{[%clk 0:15:09]} 26. Qe3 {[%clk 0:48:07]} Qxe3+ {[%clk 0:14:46]} 27. Rxe3
{[%clk 0:48:30]} Rae8 {[%clk 0:14:31]} 28. Rae1 {[%clk 0:48:42]} Rxe3
{[%clk 0:14:50]} 29. Rxe3 {[%clk 0:49:07]} b5 {[%clk 0:14:55]} 30. Bxd5+
{[%clk 0:49:28]} cxd5 {[%clk 0:15:04]} 31. b4 {[%clk 0:48:17]} Kf7
{[%clk 0:15:12]} 32. h3 {[%clk 0:48:38]} Bxg3 {[%clk 0:12:48]} 33. Ke1
{[%clk 0:48:07]} Bf4 {[%clk 0:11:36]} 34. Rc3 {[%clk 0:43:52]} Re8+
{[%clk 0:11:39]} 35. Kd1 {[%clk 0:44:13]} Bh5 {[%clk 0:11:23]} 36. Rc5
{[%clk 0:44:03]} Bg6 {[%clk 0:10:16]} 37. Rxd5 {[%clk 0:43:28]} Re2
{[%clk 0:10:08]} 38. Bc1 {[%clk 0:42:56]} Bc2# 0-1

[Event "Agen 2017 - Open C"]
[Site "?"]
[Date "2017.08.25"]
[Round "7.3"]
[White "Lataste, Yann"]
[Black "Jackson, Daniel"]
[Result "0-1"]
[LiveChessVersion "1.4.8"]
[BlackElo "1754"]
[WhiteElo "1714"]

1. d4 {[%clk 1:30:52]} Nf6 {[%clk 1:30:45]} 2. c4 {[%clk 1:31:10]} g6
{[%clk 1:30:57]} 3. Nc3 {[%clk 1:31:31]} Bg7 {[%clk 1:31:23]} 4. e4
{[%clk 1:31:41]} d6 {[%clk 1:31:31]} 5. Nf3 {[%clk 1:31:44]} O-O {[%clk 1:31:33]}
6. Be2 {[%clk 1:31:50]} Nbd7 {[%clk 1:24:46]} 7. O-O {[%clk 1:31:56]} e5
{[%clk 1:24:18]} 8. d5 {[%clk 1:31:37]} Nc5 {[%clk 1:24:10]} 9. Qc2
{[%clk 1:27:25]} a5 {[%clk 1:24:27]} 10. Ne1 {[%clk 1:23:24]} Nfd7
{[%clk 1:14:32]} 11. Nd3 {[%clk 1:20:49]} f5 {[%clk 1:11:41]} 12. f3
{[%clk 1:18:04]} f4 {[%clk 1:09:46]} 13. Bd2 {[%clk 1:12:04]} g5 {[%clk 1:06:30]}
14. Nf2 {[%clk 1:07:12]} h5 {[%clk 1:05:55]} 15. b3 {[%clk 1:02:11]} Nf6
{[%clk 1:03:15]} 16. h3 {[%clk 0:58:40]} g4 {[%clk 0:59:27]} 17. fxg4
{[%clk 0:56:42]} hxg4 {[%clk 0:59:48]} 18. Nxg4 {[%clk 0:56:31]} Nxg4
{[%clk 1:00:00]} 19. Bxg4 {[%clk 0:56:55]} Bxg4 {[%clk 1:00:23]} 20. hxg4
{[%clk 0:57:17]} Qh4 {[%clk 0:58:41]} 21. Qd1 {[%clk 0:56:34]} Kf7
{[%clk 0:58:46]} 22. Qf3 {[%clk 0:55:26]} Bf6 {[%clk 0:56:13]} 23. Qh3
{[%clk 0:43:27]} Rg8 {[%clk 0:56:14]} 24. Qxh4 {[%clk 0:42:03]} Bxh4
{[%clk 0:56:42]} 25. Rf3 Rxg4 {[%clk 0:56:42]} 26. Be1 {[%clk 0:40:42]} Bxe1
{[%clk 0:51:59]} 27. Rxe1 {[%clk 0:40:46]} Rag8 {[%clk 0:52:15]} 28. Re2
{[%clk 0:41:10]} Ke7 {[%clk 0:51:47]} 29. Kf1 {[%clk 0:28:30]} Kd7
{[%clk 0:30:33]} 30. Na4 {[%clk 0:26:54]} Nxa4 {[%clk 0:25:31]} 31. bxa4
{[%clk 0:25:11]} Rh8 {[%clk 0:25:03]} 32. Rc3 {[%clk 0:21:00]} Rh1+
{[%clk 0:23:18]} 33. Kf2 {[%clk 0:21:21]} Rb1 {[%clk 0:22:56]} 34. Rd2
{[%clk 0:18:57]} b6 {[%clk 0:21:07]} 35. a3 {[%clk 0:18:25]} Rh4 {[%clk 0:21:23]}
36. Kf3 {[%clk 0:15:11]} Rhh1 {[%clk 0:19:11]} 37. g3 {[%clk 0:11:36]} fxg3
{[%clk 0:17:12]} 38. Kxg3 {[%clk 0:10:21]} Rbg1+ {[%clk 0:17:14]} 39. Rg2
{[%clk 0:10:29]} Re1 {[%clk 0:17:16]} 40. Kf3 {[%clk 0:39:13]} Rhf1+
{[%clk 0:47:02]} 41. Rf2 {[%clk 0:39:36]} Rxf2+ {[%clk 0:47:20]} 42. Kxf2
{[%clk 0:39:56]} Rxe4 {[%clk 0:47:42]} 43. Kf3 {[%clk 0:40:10]} Rd4
{[%clk 0:47:49]} 44. Ke3 {[%clk 0:39:23]} c6 {[%clk 0:46:08]} 45. dxc6+
{[%clk 0:37:51]} Kxc6 0-1

[Event "Agen 2017 - Open C"]
[Site "?"]
[Date "2017.08.25"]
[Round "7.4"]
[White "Lebon, Nicolas"]
[Black "Jackson, Edgar"]
[Result "0-1"]
[LiveChessVersion "1.4.8"]
[BlackElo "1641"]
[WhiteElo "1735"]

1. d4 {[%clk 1:27:06]} Nf6 {[%clk 1:30:39]} 2. c3 {[%clk 1:27:32]} e6
{[%clk 1:30:42]} 3. Bg5 {[%clk 1:27:56]} Be7 {[%clk 1:29:02]} 4. e3
{[%clk 1:28:18]} b6 {[%clk 1:26:10]} 5. Nf3 {[%clk 1:26:56]} Bb7 {[%clk 1:25:55]}
6. Bd3 {[%clk 1:27:04]} O-O {[%clk 1:18:57]} 7. Nbd2 {[%clk 1:26:46]} d6
{[%clk 1:16:07]} 8. O-O {[%clk 1:16:35]} Nbd7 {[%clk 1:14:25]} 9. e4
{[%clk 1:02:33]} c5 {[%clk 1:08:46]} 10. e5 {[%clk 0:52:08]} dxe5
{[%clk 1:00:09]} 11. dxe5 {[%clk 0:51:49]} Ng4 {[%clk 0:53:43]} 12. Bxe7
{[%clk 0:50:19]} Qxe7 {[%clk 0:54:05]} 13. Qe2 {[%clk 0:49:22]} Rad8
{[%clk 0:53:43]} 14. Rad1 {[%clk 0:44:35]} Ngxe5 {[%clk 0:44:51]} 15. Nxe5
{[%clk 0:44:18]} Nxe5 {[%clk 0:45:15]} 16. Bxh7+ {[%clk 0:42:50]} Kxh7
{[%clk 0:45:38]} 17. Qh5+ {[%clk 0:42:58]} Kg8 {[%clk 0:45:43]} 18. Qxe5
{[%clk 0:43:20]} Rd5 {[%clk 0:45:19]} 19. Qe2 {[%clk 0:43:03]} Rfd8
{[%clk 0:40:06]} 20. Nf3 {[%clk 0:28:05]} Ba6 {[%clk 0:38:27]} 21. c4
{[%clk 0:28:24]} Bxc4 {[%clk 0:36:48]} 22. Qc2 {[%clk 0:28:37]} Bxf1
{[%clk 0:34:41]} 23. Rxf1 {[%clk 0:29:00]} Qf6 {[%clk 0:32:57]} 24. Re1
{[%clk 0:25:33]} Qf5 {[%clk 0:29:56]} 25. Qc1 {[%clk 0:19:46]} Qd3
{[%clk 0:20:17]} 26. h3 {[%clk 0:14:53]} e5 {[%clk 0:14:07]} 27. Kh2
{[%clk 0:05:31]} e4 {[%clk 0:13:37]} 28. Re3 {[%clk 0:04:56]} Qd1
{[%clk 0:13:06]} 29. Qxd1 {[%clk 0:05:19]} Rxd1 {[%clk 0:13:22]} 30. Rxe4
{[%clk 0:05:45]} Kf8 {[%clk 0:11:51]} 31. Re2 {[%clk 0:04:52]} Re8
{[%clk 0:11:12]} 32. Rc2 {[%clk 0:05:15]} f6 {[%clk 0:09:57]} 33. Kg3
{[%clk 0:03:01]} Rd3 {[%clk 0:09:36]} 34. Kh2 {[%clk 0:01:02]} Rd6
{[%clk 0:09:24]} 35. Kg1 {[%clk 0:00:38]} Rde6 {[%clk 0:09:30]} 36. Kf1
{[%clk 0:00:45]} Kf7 {[%clk 0:09:41]} 37. Rd2 {[%clk 0:00:41]} R8e7
{[%clk 0:09:53]} 38. g4 {[%clk 0:00:33]} g5 {[%clk 0:09:25]} 39. h4
{[%clk 0:00:35]} gxh4 {[%clk 0:09:13]} 40. g5 {[%clk 0:30:31]} h3
{[%clk 0:38:39]} 41. gxf6 {[%clk 0:29:50]} Kxf6 {[%clk 0:38:25]} 42. Kg1
{[%clk 0:27:05]} Re2 {[%clk 0:32:17]} 43. Rd6+ {[%clk 0:27:26]} R7e6
{[%clk 0:31:37]} 0-1

[Event "Agen 2017 - Open D"]
[Site "?"]
[Date "2017.08.25"]
[Round "7.1"]
[White "Andre, Victoria"]
[Black "Fossella, Manuel"]
[Result "1-0"]
[LiveChessVersion "1.4.8"]
[BlackElo "1455"]
[WhiteElo "1452"]

1. e4 {[%clk 1:30:57]} e5 {[%clk 1:30:59]} 2. Nf3 {[%clk 1:31:12]} Nc6
{[%clk 1:31:26]} 3. d4 {[%clk 1:31:38]} exd4 {[%clk 1:31:48]} 4. Nxd4
{[%clk 1:31:57]} Bc5 {[%clk 1:31:35]} 5. Nb3 {[%clk 1:31:51]} Bb6
{[%clk 1:31:30]} 6. Nc3 {[%clk 1:32:05]} Nf6 {[%clk 1:30:24]} 7. Bg5
{[%clk 1:31:05]} h6 {[%clk 1:30:29]} 8. Bh4 {[%clk 1:31:16]} Qe7 {[%clk 1:30:14]}
9. Bc4 {[%clk 1:24:36]} g5 {[%clk 1:24:51]} 10. Bg3 {[%clk 1:21:14]} Nxe4
{[%clk 1:21:48]} 11. Nd5 {[%clk 1:17:52]} Nxf2+ {[%clk 1:20:29]} 12. Nxe7
{[%clk 1:16:58]} Nxd1 {[%clk 1:20:34]} 13. Nxc6 {[%clk 1:16:52]} Nxb2
{[%clk 1:20:57]} 14. Be5 {[%clk 1:05:34]} Nxc4 {[%clk 1:19:13]} 15. Bxh8
{[%clk 1:05:23]} dxc6 {[%clk 1:19:37]} 16. O-O-O {[%clk 1:03:17]} Be6
{[%clk 1:16:45]} 17. Bf6 {[%clk 0:56:41]} Ne3 {[%clk 1:16:13]} 18. Rd2
{[%clk 0:55:13]} Nd5 {[%clk 1:15:11]} 19. Bd4 {[%clk 0:53:14]} O-O-O
{[%clk 1:14:02]} 20. Rhd1 {[%clk 0:40:07]} Nf4 {[%clk 1:08:47]} 21. Bxb6
{[%clk 0:32:58]} Rxd2 {[%clk 1:08:53]} 22. Rxd2 {[%clk 0:33:19]} cxb6
{[%clk 1:09:13]} 23. g3 {[%clk 0:32:29]} Nd5 {[%clk 1:06:55]} 24. Nd4
{[%clk 0:29:30]} Bg4 {[%clk 1:01:29]} 25. Rf2 {[%clk 0:27:32]} f6
{[%clk 0:57:12]} 26. Kd2 {[%clk 0:25:54]} Kd7 {[%clk 0:56:10]} 27. c4
{[%clk 0:25:41]} Ne7 {[%clk 0:53:50]} 28. Rxf6 {[%clk 0:25:00]} h5
{[%clk 0:53:59]} 29. Rf7 {[%clk 0:23:25]} c5 {[%clk 0:53:15]} 30. Nc2
{[%clk 0:22:27]} Be6 {[%clk 0:53:24]} 31. Rh7 {[%clk 0:21:03]} Bxc4
{[%clk 0:51:59]} 32. Rxh5 {[%clk 0:21:11]} Bxa2 {[%clk 0:52:08]} 33. Rxg5
{[%clk 0:21:35]} Kc6 {[%clk 0:49:50]} 34. h4 {[%clk 0:16:21]} b5 {[%clk 0:49:57]}
35. h5 {[%clk 0:15:36]} Bd5 {[%clk 0:49:38]} 36. h6 {[%clk 0:13:23]} Be4
{[%clk 0:49:56]} 37. Re5 {[%clk 0:12:53]} Bxc2 {[%clk 0:50:20]} 38. Kxc2
{[%clk 0:12:54]} 1-0